[Event "Mont de Marsan op 6th"]
[Site "Mont de Marsan"]
[Date "2006.12.27"]
[Round "4"]
[White "Farge, Patrick"]
[Black "Petitcolas, Louis"]
[Result "0-1"]
[WhiteElo "1499"]
[BlackElo "1090"]
[PlyCount "36"]
[EventDate "2006.12.26"]
[EventType "swiss"]
[EventRounds "9"]
[EventCountry "FRA"]
[SourceTitle "CBM 116 Extra"]
[Source "ChessBase"]
[SourceDate "2007.03.07"]
[SourceVersion "1"]
[SourceVersionDate "2007.03.07"]
[SourceQuality "1"]

1. e4 e5 2. Nf3 Nc6 3. Nc3 Nf6 4. d4 exd4 5. Nxd4 Nxd4 6. Qxd4 b6 7. e5 Bc5 8. Qf4 Nh5 9. Qg4 Nf6 10. exf6 Qxf6 11. Qe4+ Kd8 12. Qxa8 Qxf2+ 13. Kd1 Re8 14. Bd2 Be3 15. Ne2 Re6 16. g4 Rd6 17. c3 Rxd2+ 18. Kc1 Qe1# 0-1

[Event "Mont de Marsan op"]
[Site "Mont de Marsan"]
[Date "2005.12.28"]
[Round "5"]
[White "Daragon, Bruno"]
[Black "Petitcolas, Louis"]
[Result "1-0"]
[WhiteElo "1720"]
[BlackElo "1009"]
[PlyCount "35"]
[EventDate "2005.12.26"]
[EventType "swiss"]
[EventRounds "7"]
[EventCountry "FRA"]
[SourceTitle "CBM 110 Extra"]
[Source "ChessBase"]
[SourceDate "2006.03.10"]
[SourceVersion "2"]
[SourceVersionDate "2006.03.10"]
[SourceQuality "1"]

1. c4 e5 2. Nc3 Nf6 3. Nf3 Nc6 4. e4 Bc5 5. Nxe5 Nxe5 6. d4 Bb4 7. dxe5 Ng8 8. Qg4 Ne7 9. Qxg7 Rg8 10. Qxh7 Rg6 11. h4 Nc6 12. Qh8+ Ke7 13. Bg5+ f6 14. Bxf6+ Ke6 15. Bxd8 Nxd8 16. Qe8+ Be7 17. Qxg6+ Bf6 18. Qxf6# 1-0

[Event "Mont de Marsan op"]
[Site "Mont de Marsan"]
[Date "2005.12.27"]
[Round "3"]
[White "Petitcolas, Louis"]
[Black "Dahbi, Ahmed"]
[Result "0-1"]
[WhiteElo "1009"]
[BlackElo "1590"]
[PlyCount "44"]
[EventDate "2005.12.26"]
[EventType "swiss"]
[EventRounds "7"]
[EventCountry "FRA"]
[SourceTitle "CBM 110 Extra"]
[Source "ChessBase"]
[SourceDate "2006.03.10"]
[SourceVersion "2"]
[SourceVersionDate "2006.03.10"]
[SourceQuality "1"]

1. e4 c5 2. d4 cxd4 3. c3 dxc3 4. Nxc3 Nc6 5. Nf3 d6 6. Bb5 Bd7 7. 0-0 e6 8. Bg5 Nf6 9. e5 dxe5 10. Bxc6 Bxc6 11. Qxd8+ Rxd8 12. Nxe5 Bd5 13. Rad1 Be7 14. Rfe1 0-0 15. Nb5 a6 16. Nc7 Bxa2 17. Bxf6 Bxf6 18. Nd7 Bb3 19. Rd6 Be7 20. Nxf8 Bxd6 21. Re3 Bxc7 22. Rxb3 Rd1# 0-1